[Event "Saint Louis Masters 2026"]
[Site "Saint Louis USA"]
[Date "2026.02.27"]
[Round "5.11"]
[White "Yu, Jennifer"]
[Black "Matviishen, Viktor"]
[Result "0-1"]
[WhiteTitle "FM"]
[BlackTitle "GM"]
[WhiteElo "2309"]
[BlackElo "2533"]
[WhiteFideId "2078341"]
[BlackFideId "14129850"]
[EventDate "2026.02.25"]

1. d4 Nf6 2. c4 e6 3. Nc3 d5 4. cxd5 exd5 5. Bg5 Be7 6. e3 h6 7. Bh4 O-O 8. Bd3
c6 9. Nge2 Re8 10. O-O a5 11. f3 b5 12. Rc1 Nbd7 13. h3 Ba6 14. Bf2 Bd6 15. a4
b4 16. Bxa6 Rxa6 17. Qd3 Qa8 18. Nb1 c5 19. b3 Rc6 20. Nd2 Rec8 21. dxc5 Nxc5
22. Qb1 Ne6 23. Rxc6 Rxc6 24. Qd3 Be5 25. Rd1 Nc5 26. Qb5 Ne8 27. Nd4 Bxd4 28.
exd4 Nd6 29. Qe2 Nd7 30. Nf1 Qe8 31. Qd3 Qc8 32. Ne3 Rc3 33. Qa6 Qxa6 0-1

[Event "Saint Louis Masters 2026"]
[Site "Saint Louis USA"]
[Date "2026.02.27"]
[Round "5.12"]
[White "Pyrih, Roman"]
[Black "Oparin, Grigoriy"]
[Result "1/2-1/2"]
[WhiteTitle "IM"]
[BlackTitle "GM"]
[WhiteElo "2403"]
[BlackElo "2658"]
[WhiteFideId "14179156"]
[BlackFideId "24125890"]
[EventDate "2026.02.25"]

1. Nf3 d5 2. e3 Nf6 3. c4 e6 4. Nc3 Bd6 5. b3 O-O 6. Bb2 Nc6 7. d4 dxc4 8. Bxc4
e5 9. dxe5 Nxe5 10. Nxe5 Bxe5 11. Qxd8 Rxd8 12. Ke2 c6 13. Na4 Bxb2 14. Nxb2 Ne4
15. Bd3 Nc3+ 16. Kd2 Nd5 17. e4 Nf4 18. g3 Ne6 19. Rac1 c5 20. Ke3 b6 21. Bc4
Rb8 22. a3 a5 23. b4 axb4 24. axb4 cxb4 25. Nd3 Ra8 26. Ra1 Bd7 27. Nxb4 Kf8 28.
Rhd1 Nc5 29. Nd5 Rxa1 30. Rxa1 b5 31. Bxb5 1/2-1/2

[Event "Saint Louis Masters 2026"]
[Site "Saint Louis USA"]
[Date "2026.02.27"]
[Round "5.13"]
[White "Mishra, Abhimanyu"]
[Black "Putnam, Liam"]
[Result "1/2-1/2"]
[WhiteTitle "GM"]
[BlackTitle "IM"]
[WhiteElo "2629"]
[BlackElo "2485"]
[WhiteFideId "30920019"]
[BlackFideId "30938279"]
[EventDate "2026.02.25"]

1. d4 Nf6 2. c4 e6 3. Nc3 Bb4 4. f3 d5 5. a3 Be7 6. e4 dxe4 7. fxe4 c5 8. d5
exd5 9. cxd5 Bd6 10. Bb5+ Nbd7 11. Bg5 h6 12. Bh4 a6 13. Bxd7+ Qxd7 14. Nf3 Ng4
15. O-O O-O 16. Qe1 Re8 17. Bg3 Qc7 18. Bxd6 Qxd6 19. h3 Ne5 20. Nxe5 Rxe5 21.
Qg3 Bd7 22. Rf3 f6 23. Raf1 Kh7 24. Kh1 1/2-1/2

[Event "Saint Louis Masters 2026"]
[Site "Saint Louis USA"]
[Date "2026.02.27"]
[Round "5.14"]
[White "Gueci, Tea"]
[Black "Dudin, Gleb"]
[Result "0-1"]
[WhiteTitle "WIM"]
[BlackTitle "GM"]
[WhiteElo "2138"]
[BlackElo "2596"]
[WhiteFideId "872342"]
[BlackFideId "34184934"]
[EventDate "2026.02.25"]

1. e4 c5 2. Nf3 d6 3. Bb5+ Nd7 4. c3 Nf6 5. Qe2 a6 6. Ba4 e6 7. O-O Be7 8. d4 b5
9. Bc2 Bb7 10. Re1 Qc7 11. a4 cxd4 12. axb5 dxc3 13. Nxc3 axb5 14. Rxa8+ Bxa8
15. Nxb5 Qb8 16. Nfd4 O-O 17. Bg5 Rc8 18. Bb1 h6 19. Bh4 Qb6 20. Rd1 Rb8 21. b3
Bf8 22. Nc3 Qb4 23. Na2 Qa3 24. b4 Bxe4 25. Bxe4 Nxe4 26. Nc6 Ra8 27. Qxe4 Qxa2
28. Be7 d5 29. Qe1 Qa4 30. Rc1 Rc8 31. Bxf8 Rxc6 32. Ra1 Qc2 33. Be7 d4 34. b5
Rb6 35. Rc1 Qf5 36. Qb4 d3 37. g4 Qd5 38. Rd1 Rxb5 39. Qc3 Ne5 40. f4 Qf3 0-1

[Event "Saint Louis Masters 2026"]
[Site "Saint Louis USA"]
[Date "2026.02.27"]
[Round "5.15"]
[White "Mikaelyan, Arman"]
[Black "Warmerdam, Max"]
[Result "1-0"]
[WhiteTitle "GM"]
[BlackTitle "GM"]
[WhiteElo "2494"]
[BlackElo "2580"]
[WhiteFideId "13304852"]
[BlackFideId "1048104"]
[EventDate "2026.02.25"]

1. d4 Nf6 2. Nf3 e6 3. c4 h6 4. Nc3 Bb4 5. Bd2 b6 6. e3 Bxc3 7. Bxc3 Ne4 8. Rc1
Bb7 9. Be2 O-O 10. O-O Nxc3 11. Rxc3 d6 12. c5 a5 13. cxd6 cxd6 14. Qa4 Nd7 15.
Rfc1 Nf6 16. Rc7 Qb8 17. a3 Rc8 18. Rxc8+ Bxc8 19. Nd2 Ra7 20. Ne4 Bd7 21. Nxf6+
gxf6 22. Qc2 d5 23. Bd3 Qd6 24. Qd2 Rc7 25. Re1 Ba4 26. h3 f5 27. Qe2 Qd8 28.
Qf3 Qg5 29. g3 Bb3 30. Kh2 Kf8 31. Rg1 h5 32. Qe2 h4 33. gxh4 Qxh4 34. Qf3 b5
35. Qg3 Qxg3+ 36. Kxg3 Bc4 37. Rc1 Rb7 38. Bc2 b4 39. Rb1 Rc7 40. Ra1 Be2 41.
Bb3 Rb7 42. h4 f6 43. axb4 Rxb4 44. Ra3 Kg7 45. Ba2 Rxb2 46. Rxa5 Kg6 47. Ra8
Bd1 48. Rg8+ Kf7 49. Ra8 Rd2 50. Ra7+ Kg6 51. Bb1 Bb3 52. Rb7 Bc4 53. Rb6 Rd1
54. Bc2 Rg1+ 55. Kh2 Rg4 56. Rxe6 Rxh4+ 57. Kg3 Rg4+ 58. Kf3 Rh4 59. Re8 Rh3+
60. Kf4 Rh4+ 61. Kg3 Rh5 62. Rg8+ Kf7 63. Rd8 Ke6 64. Re8+ Kf7 65. Rb8 Kg6 66.
f3 Rh1 67. Rg8+ Kf7 68. Rb8 Kg6 69. Ba4 Rh7 70. Be8+ Kg5 71. Bc6 f4+ 72. exf4+
Kf5 73. Rg8 Ke6 74. Re8+ Kf5 75. Rg8 Ke6 76. Ba4 Rh1 77. f5+ Kf7 78. Rd8 Rh5 79.
Kg4 Rg5+ 80. Kf4 Rg2 81. Rd7+ Kf8 82. Bc6 Rd2 83. Kg4 Rg2+ 84. Kh4 Rg5 85. Bxd5
Bxd5 86. Rxd5 Ke7 87. Ra5 Rg1 88. Ra7+ Kf8 89. d5 Rd1 90. Kh5 Rxd5 91. Kg6 Rd3
92. Ra8+ Ke7 93. Kg7 Rd6 94. Rf8 Rd1 95. Rxf6 1-0

[Event "Saint Louis Masters 2026"]
[Site "Saint Louis USA"]
[Date "2026.02.27"]
[Round "5.16"]
[White "Fier, Alexandr"]
[Black "Bilovil, Bogdan"]
[Result "1/2-1/2"]
[WhiteTitle "GM"]
[BlackTitle "IM"]
[WhiteElo "2572"]
[BlackElo "2446"]
[WhiteFideId "2107139"]
[BlackFideId "14168766"]
[EventDate "2026.02.25"]

1. Nf3 Nf6 2. c4 e6 3. g3 d5 4. Bg2 Be7 5. O-O O-O 6. d4 dxc4 7. Qc2 b5 8. a4
Bb7 9. axb5 a6 10. bxa6 Nxa6 11. Qxc4 Bd5 12. Qc3 Ne4 13. Qe1 Nb4 14. Rxa8 Qxa8
15. Nc3 Nxc3 16. bxc3 Na2 17. Bd2 c5 18. dxc5 Bxc5 19. Qa1 Rd8 20. Bg5 Rc8 21.
Bd2 Be7 22. Ne1 Bxg2 23. Nxg2 1/2-1/2

[Event "Saint Louis Masters 2026"]
[Site "Saint Louis USA"]
[Date "2026.02.27"]
[Round "5.17"]
[White "Alexakis, Dimitris"]
[Black "Munkhdalai, Amilal"]
[Result "1/2-1/2"]
[WhiteTitle "GM"]
[BlackTitle "IM"]
[WhiteElo "2538"]
[BlackElo "2455"]
[WhiteFideId "4277023"]
[BlackFideId "4903250"]
[EventDate "2026.02.25"]

1. e4 c5 2. Nf3 Nc6 3. d4 cxd4 4. Nxd4 Qb6 5. Nb3 Nf6 6. Nc3 e6 7. Be3 Qc7 8. a3
a6 9. f4 d6 10. g4 h6 11. h4 b5 12. Bh3 b4 13. axb4 Nxb4 14. g5 hxg5 15. hxg5
Nxe4 16. Nxe4 Nxc2+ 17. Kf2 Nxa1 18. Qxa1 Rb8 19. Ned2 Bb7 20. Bg2 Rxh1 21. Bxh1
Bxh1 22. Qxh1 Qb7 23. Qa1 Be7 24. Nd4 Kf8 25. b3 Kg8 26. Qg1 Rc8 27. g6 Bf6 28.
Qg4 Qd5 29. gxf7+ Kxf7 30. N2f3 Rc3 31. Ng5+ Bxg5 32. fxg5 Qe5 33. Qf3+ Kg6 34.
Ne2 Rc2 35. Kg1 Qa1+ 36. Kf2 Qe5 37. Kg1 Qa1+ 38. Kf2 Qe5 1/2-1/2

[Event "Saint Louis Masters 2026"]
[Site "Saint Louis USA"]
[Date "2026.02.27"]
[Round "5.18"]
[White "Kevlishvili, Robby"]
[Black "Raja, Harshit"]
[Result "0-1"]
[WhiteTitle "GM"]
[BlackTitle "GM"]
[WhiteElo "2527"]
[BlackElo "2472"]
[WhiteFideId "1040634"]
[BlackFideId "5089000"]
[EventDate "2026.02.25"]

1. e4 c5 2. Nf3 d6 3. d4 cxd4 4. Nxd4 Nf6 5. Nc3 a6 6. Rg1 g6 7. g4 Nc6 8. g5
Nd7 9. Be3 h6 10. gxh6 Bxh6 11. Bxh6 Rxh6 12. Nf3 Nde5 13. Nxe5 Nxe5 14. Qe2 Qb6
15. O-O-O Be6 16. h3 Rh4 17. b3 Rf4 18. Rg2 Rc8 19. Qd2 Qb4 20. Kb2 Rf3 21. Nb1
Qxe4 22. Rg3 Bf5 23. c4 Rxg3 24. fxg3 Nf3 25. Qf2 Qe5+ 26. Nc3 Ng5 27. Bg2 Ne4
28. Bxe4 Bxe4 29. Rd4 Bc6 30. Rd3 b5 31. Re3 Qf5 32. Qd2 bxc4 33. Qd4 cxb3 34.
axb3 Bb7 35. Qa7 Qd7 36. Qd4 Qf5 37. Qa7 Qd7 38. Qd4 e5 39. Qh4 Qf5 40. g4 Qf4
41. Rd3 e4 42. Qh8+ Ke7 43. Qh4+ g5 44. Qe1 Qe5 45. Rd1 d5 46. Qe3 f6 47. Rd4
Qf4 48. Qe1 Qh2+ 49. Ne2 Kf7 50. Qd2 Bc6 51. Rb4 Qe5+ 52. Nd4 Bb5 53. Qe3 Qh2+
54. Ka3 Qf4 55. Nf5 Qxe3 56. Nxe3 Ke6 57. Rd4 Rd8 0-1

[Event "Saint Louis Masters 2026"]
[Site "Saint Louis USA"]
[Date "2026.02.27"]
[Round "5.19"]
[White "Mardov, Dimitar"]
[Black "Rorrer, Grayson"]
[Result "1-0"]
[WhiteTitle "IM"]
[BlackTitle "IM"]
[WhiteElo "2504"]
[BlackElo "2415"]
[WhiteFideId "30919495"]
[BlackFideId "30944996"]
[EventDate "2026.02.25"]

1. c4 e5 2. Nc3 Nf6 3. Nf3 Nc6 4. d3 d5 5. cxd5 Nxd5 6. g3 Be7 7. Bg2 Be6 8. O-O
O-O 9. Bd2 Qd7 10. Rc1 Nxc3 11. Bxc3 f6 12. Qc2 Bd5 13. Rfd1 Bc5 14. d4 exd4 15.
Bxd4 Nxd4 16. Nxd4 Bxg2 17. Qxc5 Qd5 18. f3 Qxc5 19. Rxc5 Bh3 20. g4 Rad8 21.
Rxc7 Rf7 22. Rxf7 Kxf7 23. Kf2 h5 24. Kg3 hxg4 25. fxg4 Bf1 26. Kf3 Rd5 27. Rd3
g6 28. h4 Bh3 29. Nc2 Rxd3+ 30. exd3 Bf1 31. Ne1 Ke6 32. Kf2 Bh3 33. Kg3 Bf1 34.
Kf4 Be2 35. g5 a5 36. a3 b5 37. gxf6 Kxf6 38. d4 Ke6 39. Ke4 Bd1 40. d5+ Kd6 41.
Ng2 Bb3 42. Nf4 b4 43. Kd4 bxa3 44. bxa3 Ba2 45. Nxg6 Bxd5 46. h5 Bf7 47. Nf4
Bg8 48. h6 Bh7 49. Nh3 1-0

[Event "Saint Louis Masters 2026"]
[Site "Saint Louis USA"]
[Date "2026.02.27"]
[Round "5.20"]
[White "Cordova, Emilio"]
[Black "Rosen, Eric"]
[Result "1-0"]
[WhiteTitle "GM"]
[BlackTitle "IM"]
[WhiteElo "2494"]
[BlackElo "2377"]
[WhiteFideId "3801497"]
[BlackFideId "2032562"]
[EventDate "2026.02.25"]

1. c4 e5 2. a3 Nf6 3. Nc3 Nc6 4. d3 g6 5. g3 d5 6. cxd5 Nxd5 7. Bg2 Be6 8. Nf3
h6 9. Bd2 Bg7 10. Rc1 Nd4 11. Na4 b6 12. O-O O-O 13. Nxd4 exd4 14. b4 Rc8 15.
Nb2 Qd7 16. Re1 Rfe8 17. Qa4 c6 18. Nd1 h5 19. e4 dxe3 20. Nxe3 Ne7 21. Bc3 Rc7
22. Bxg7 Kxg7 23. Qc2 Qd4 24. Nc4 Rd8 25. Ne5 c5 26. Re4 Qd6 27. Qb2 Kg8 28.
Rce1 b5 29. h3 cxb4 30. axb4 Rdc8 31. Qd2 Kg7 32. Nf3 Bd5 33. Rf4 Nf5 34. Rxf5
gxf5 35. Nh4 Be6 36. Qg5+ Kf8 37. Qf6 Ke8 38. Nxf5 Qxb4 39. Re4 Qc3 40. Ng7+ Kd7
41. Rd4+ Qxd4 42. Qxd4+ Ke7 43. Qb4+ Rc5 44. d4 a5 45. Qxa5 Rc1+ 46. Kh2 R8c2
47. Qa3+ Kd7 48. d5 Bxd5 49. Qd3 Rxf2 50. Qxd5+ Ke7 51. Nf5+ 1-0

[Event "Saint Louis Masters 2026"]
[Site "Saint Louis USA"]
[Date "2026.02.27"]
[Round "5.21"]
[White "Shlyakhtenko, Robert"]
[Black "Boyer, Mahel"]
[Result "1-0"]
[WhiteTitle "IM"]
[BlackTitle "GM"]
[WhiteElo "2453"]
[BlackElo "2486"]
[WhiteFideId "30936934"]
[BlackFideId "45102422"]
[EventDate "2026.02.25"]

1. d4 Nf6 2. c4 g6 3. Nc3 Bg7 4. e4 d6 5. Be2 O-O 6. Be3 Na6 7. h3 c6 8. Nf3 e5
9. d5 Nh5 10. O-O Nf4 11. Re1 Nxe2+ 12. Rxe2 c5 13. Qd2 Nc7 14. Bh6 f5 15. exf5
gxf5 16. Bxg7 Kxg7 17. Nxe5 dxe5 18. Rxe5 Ne6 19. Rae1 Rf7 20. Ne2 Nd4 21. Nxd4
cxd4 22. Re8 Qf6 23. Qf4 b6 24. d6 h6 25. R1e7 Bb7 26. Qg3+ Qg5 27. Rxf7+ Kxf7
28. Re7+ Kg6 29. Qxg5+ hxg5 30. Rxb7 Kf6 31. Kf1 d3 32. d7 Ke5 33. Ke1 Kd4 34.
Kd2 Rd8 35. Rc7 f4 36. b4 a5 37. bxa5 bxa5 38. c5 Rb8 39. Rb7 Rxb7 40. d8=Q+ 1-0

[Event "Saint Louis Masters 2026"]
[Site "Saint Louis USA"]
[Date "2026.02.27"]
[Round "5.22"]
[White "Narayanan, Samrug"]
[Black "Bok, Benjamin"]
[Result "1/2-1/2"]
[WhiteTitle "IM"]
[BlackTitle "GM"]
[WhiteElo "2438"]
[BlackElo "2592"]
[WhiteFideId "30914051"]
[BlackFideId "1017063"]
[EventDate "2026.02.25"]

1. d4 Nf6 2. c4 e6 3. Nf3 d5 4. Nc3 Bb4 5. cxd5 exd5 6. Bg5 h6 7. Bh4 Bf5 8. e3
Nbd7 9. Qb3 Qe7 10. a3 Bxc3+ 11. Qxc3 O-O 12. Bd3 Bxd3 13. Qxd3 Qe6 14. O-O Ne4
15. Nd2 c5 16. Nxe4 dxe4 17. Qd2 cxd4 18. Qxd4 Rfc8 19. Rac1 b6 20. b4 a6 21.
Bg3 b5 22. Bc7 Nf6 1/2-1/2

[Event "Saint Louis Masters 2026"]
[Site "Saint Louis USA"]
[Date "2026.02.27"]
[Round "5.23"]
[White "Kuru, Atilla"]
[Black "Tiglon, Bryce"]
[Result "0-1"]
[WhiteTitle "IM"]
[BlackTitle "GM"]
[WhiteElo "2450"]
[BlackElo "2550"]
[WhiteFideId "51607948"]
[BlackFideId "2087456"]
[EventDate "2026.02.25"]

1. e4 c6 2. d4 d5 3. f3 Qb6 4. Nc3 dxe4 5. fxe4 e5 6. Nf3 exd4 7. Nxd4 Nf6 8. e5
Ng4 9. Be2 Nxe5 10. Bf4 Ng6 11. Qd2 Nxf4 12. Qxf4 Be7 13. O-O-O O-O 14. g4 Nd7
15. Nf5 Bf6 16. Rd6 Qd8 17. Qf2 Be5 18. Rd3 g6 19. Ng3 Qb6 20. Qf3 Bg7 21. Qf4
Nc5 22. Rf3 Ne6 23. Qd2 Nd4 24. Rd3 Be6 25. Na4 Nxe2+ 26. Nxe2 Qf2 27. g5 Bd5
28. Rd1 Qxh2 29. Nc5 Qe5 30. Nc3 Be6 31. N5e4 Bf5 32. Re1 Bxe4 33. Rxe4 Qf5 34.
Re2 Rae8 35. Rf2 Qe6 36. Re2 Bxc3 0-1

[Event "Saint Louis Masters 2026"]
[Site "Saint Louis USA"]
[Date "2026.02.27"]
[Round "5.24"]
[White "Lu, Maximillian"]
[Black "Kadric, Denis"]
[Result "1/2-1/2"]
[WhiteTitle "IM"]
[BlackTitle "GM"]
[WhiteElo "2424"]
[BlackElo "2540"]
[WhiteFideId "2096242"]
[BlackFideId "14403803"]
[EventDate "2026.02.25"]

1. Nf3 Nf6 2. c4 d6 3. d4 g6 4. g3 Bg7 5. Bg2 O-O 6. Nc3 Re8 7. O-O Bd7 8. h3 e5
9. e4 Qc8 10. Kh2 Nc6 11. Be3 exd4 12. Nxd4 Nxd4 13. Bxd4 c5 14. Be3 Bc6 15.
Qxd6 Nxe4 16. Nxe4 Bxe4 17. Bxe4 Rxe4 18. Qd5 Re5 19. Qg2 Re7 20. Rab1 Bd4 21.
Bxd4 cxd4 22. Rfe1 Rd7 23. b3 a5 24. Re5 a4 25. Qe4 Qc6 26. Rd1 axb3 27. axb3
Ra2 28. Kg2 Qf6 29. Re8+ Kg7 30. Qf3 Qxf3+ 31. Kxf3 Rd6 32. Re4 Rf6+ 33. Rf4
Rxf4+ 34. Kxf4 Rxf2+ 35. Ke4 g5 36. Rd3 f5+ 37. Kxd4 Kf6 38. b4 h5 39. Kc5 g4
40. hxg4 hxg4 41. Kd4 f4 42. gxf4 Kf5 43. Kc5 Rxf4 44. Rd5+ Ke4 45. Rd7 g3 46.
Rxb7 Rg4 47. Re7+ Kd3 48. b5 g2 49. Re1 Rg5+ 50. Kc6 Kxc4 51. Rc1+ Kb4 52. Rb1+ 1/2-1/2

[Event "Saint Louis Masters 2026"]
[Site "Saint Louis USA"]
[Date "2026.02.27"]
[Round "5.25"]
[White "Ostrovskiy, Aleksandr"]
[Black "Gazik, Viktor"]
[Result "1/2-1/2"]
[WhiteTitle "IM"]
[BlackTitle "GM"]
[WhiteElo "2367"]
[BlackElo "2537"]
[WhiteFideId "2034239"]
[BlackFideId "14928752"]
[EventDate "2026.02.25"]

1. e4 c5 2. Nf3 Nc6 3. Bb5 e6 4. O-O Nge7 5. Re1 h6 6. h3 a6 7. Bf1 d5 8. exd5
Nxd5 9. d4 Nf6 10. Be3 Nd5 11. Bc1 Nf6 12. Be3 Nd5 1/2-1/2

[Event "Saint Louis Masters 2026"]
[Site "Saint Louis USA"]
[Date "2026.02.27"]
[Round "5.26"]
[White "Atwell, Rose"]
[Black "Chasin, Nico"]
[Result "1-0"]
[WhiteTitle "FM"]
[BlackTitle "IM"]
[WhiteElo "2337"]
[BlackElo "2520"]
[WhiteFideId "30951011"]
[BlackFideId "30908477"]
[EventDate "2026.02.25"]

1. e4 c5 2. Nc3 e6 3. Nge2 Nc6 4. g3 Nf6 5. Bg2 d6 6. O-O Be7 7. h3 O-O 8. d3 a6
9. Be3 Qc7 10. g4 b5 11. Ng3 Bb7 12. f4 Nd7 13. Nce2 Nb6 14. f5 Qd8 15. Nh5 exf5
16. exf5 Bg5 17. Nef4 Re8 18. Qd2 c4 19. Ne6 Bxe3+ 20. Qxe3 fxe6 21. f6 Nd7 22.
Qg5 g6 23. Qh6 Re7 24. f7+ Rxf7 25. Rxf7 Qb6+ 26. Rf2 Qd4 27. c3 Qh8 28. Raf1
Re8 29. Rf7 1-0

[Event "Saint Louis Masters 2026"]
[Site "Saint Louis USA"]
[Date "2026.02.27"]
[Round "5.27"]
[White "Wang, Tianqi"]
[Black "Repka, Christopher"]
[Result "1-0"]
[WhiteTitle "IM"]
[BlackTitle "GM"]
[WhiteElo "2331"]
[BlackElo "2495"]
[WhiteFideId "2063824"]
[BlackFideId "14918781"]
[EventDate "2026.02.25"]

1. Nf3 Nf6 2. c4 g6 3. d4 Bg7 4. g3 b6 5. Bg2 Bb7 6. O-O O-O 7. d5 Ne4 8. Qc2 f5
9. Nfd2 Nf6 10. Nc3 e5 11. e4 f4 12. Nf3 d6 13. gxf4 exf4 14. Bxf4 Nh5 15. Bg3
Nf4 16. Ne2 Nxg2 17. Kxg2 c5 18. Rab1 Nd7 19. Nfg1 Ne5 20. Nf4 Bc8 21. Nd3 g5
22. Nxe5 Bxe5 23. Bxe5 dxe5 24. f3 Rf4 25. Rf2 Qf6 26. Ne2 Rh4 27. Kh1 Bg4 28.
Rbf1 Rf8 29. Qd2 Kh8 30. Ng3 Bh3 31. Rg1 Bg4 32. Rgf1 Bh3 33. Re1 Bg4 34. Kg1
Bd7 35. Qc3 Rh3 36. Ref1 h5 37. Rg2 Kh7 38. Qe3 Rh4 39. Rgf2 Kh6 40. Ne2 Kh7 41.
Kh1 Rh3 42. Ng1 Rh4 43. a3 a5 44. b3 Rf7 45. Qd2 Rf4 46. Ne2 Rh4 47. Qe3 Rh3 48.
Ng1 Rh4 49. Qc3 Qe7 50. Qd2 Qf6 51. b4 axb4 52. axb4 cxb4 53. Qxb4 Rf4 54. Ne2
Rh4 55. d6 Bh3 56. Rd1 Bd7 57. Qxb6 Rxe4 58. Qb1 Qg6 59. Qxe4 Qxe4 60. fxe4 Rxf2
61. Nc1 Rf4 62. Nd3 Rf8 63. Nxe5 Ba4 64. Rc1 Kg7 65. c5 1-0

[Event "Saint Louis Masters 2026"]
[Site "Saint Louis USA"]
[Date "2026.02.27"]
[Round "5.28"]
[White "Antova, Gabriela"]
[Black "Bilych, Oleksii"]
[Result "1/2-1/2"]
[WhiteTitle "FM"]
[BlackTitle "IM"]
[WhiteElo "2168"]
[BlackElo "2450"]
[WhiteFideId "2915235"]
[BlackFideId "14156504"]
[EventDate "2026.02.25"]

1. Nf3 Nf6 2. g3 d5 3. Bg2 e6 4. O-O Be7 5. d3 c5 6. Nbd2 Nc6 7. e4 O-O 8. Re1
Qc7 9. c3 dxe4 10. dxe4 e5 11. Nf1 Be6 12. Qc2 h6 13. Ne3 Rfd8 14. Nh4 c4 15.
Qe2 Rd3 16. Nhf5 Bf8 17. Qf3 Bxf5 18. Qxf5 Ne7 19. Qf3 Rdd8 20. h4 b5 21. a4 a6
22. Ng4 Nd7 23. axb5 axb5 24. Rxa8 Rxa8 25. Be3 Nc5 26. Bxc5 Qxc5 27. Rd1 Qc7
28. Bh3 Ra2 29. Rd7 Qc5 30. Rd8 Rxb2 31. Nxh6+ gxh6 32. Be6 Qxf2+ 33. Qxf2 Rxf2
34. Kxf2 fxe6 35. Rb8 Kf7 36. Kf3 h5 37. Rxb5 Nc6 38. Rb7+ Kf6 39. g4 hxg4+ 40.
Kxg4 Na5 41. Rc7 Bh6 42. Rc5 Nb7 43. Rxc4 Nd6 44. Ra4 Bd2 45. h5 Bxc3 46. h6 Kg6
47. Ra6 Nxe4 48. Rxe6+ Nf6+ 49. Kf3 Kf7 50. Rc6 Bd2 51. h7 Nxh7 52. Ke4 Bf4 53.
Kf5 Nf8 54. Rc7+ Ke8 55. Rc4 Bh6 56. Kxe5 Bg7+ 57. Kf5 Ke7 58. Rc7+ Nd7 59.
Rxd7+ Kxd7 1/2-1/2

[Event "Saint Louis Masters 2026"]
[Site "Saint Louis USA"]
[Date "2026.02.27"]
[Round "5.29"]
[White "Caglar, Sila"]
[Black "Heimann, Mark"]
[Result "0-1"]
[WhiteTitle "WIM"]
[BlackTitle "GM"]
[WhiteElo "2215"]
[BlackElo "2511"]
[WhiteFideId "6364063"]
[BlackFideId "2028441"]
[EventDate "2026.02.25"]

1. e4 c6 2. Nf3 d5 3. d3 g6 4. Nbd2 Bg7 5. g3 b6 6. exd5 cxd5 7. Bg2 Nc6 8. O-O
Bf5 9. Nh4 Be6 10. c3 Qd7 11. d4 g5 12. Nhf3 g4 13. Ne1 h5 14. Nd3 Bf5 15. Nb3
Nf6 16. Bf4 Be4 17. Ne5 Qb7 18. Nd2 Bxg2 19. Kxg2 Nd7 20. Nxd7 Qxd7 21. f3 O-O-O
22. Qe2 f6 23. Qa6+ Qb7 24. Qxb7+ Kxb7 25. h3 gxf3+ 26. Nxf3 Kc8 27. Rae1 Kd7
28. Nh4 e6 29. Bc1 Ne7 30. Re2 Rc8 31. Bd2 Rc6 32. Be1 Rg8 33. Rf3 Bh6 34. Kh2
Bg5 35. Ng2 Nf5 36. h4 Bc1 37. Rc2 Nxd4 38. cxd4 Rxc2 39. Rxf6 Ke7 40. Rf3 a5
41. b4 Rxa2 42. bxa5 bxa5 43. Kh3 Rf8 0-1

[Event "Saint Louis Masters 2026"]
[Site "Saint Louis USA"]
[Date "2026.02.27"]
[Round "5.30"]
[White "Apaar Saxena"]
[Black "Kiolbasa, Oliwia"]
[Result "0-1"]
[WhiteTitle "FM"]
[BlackTitle "IM"]
[WhiteElo "2263"]
[BlackElo "2397"]
[WhiteFideId "25937219"]
[BlackFideId "1154613"]
[EventDate "2026.02.25"]

1. d4 d5 2. c4 e6 3. Nf3 Nf6 4. g3 Ne4 5. Bg2 Be7 6. O-O f5 7. Be3 Nd7 8. Nbd2
c6 9. Qc2 Bf6 10. Ne1 Nd6 11. Nd3 g5 12. f3 Nf8 13. Bf2 Nf7 14. e4 Ng6 15. cxd5
cxd5 16. exf5 exf5 17. Rfe1+ Be7 18. Nc5 Qd6 19. Bf1 O-O 20. Bd3 b6 21. Na4 Qf6
22. Nc3 Rd8 23. Re2 Bf8 24. Rae1 Ne7 25. Nb5 Nc6 26. Qc3 Bb4 27. Qc1 Bd7 28. a3
Bxd2 29. Qxd2 a6 30. Nc7 Nxd4 31. Bxd4 Qxd4+ 32. Kg2 Ra7 33. Nxa6 Qf6 34. Nb4
Ra5 35. Re7 h6 36. Qe2 Nd6 37. Re5 Qf7 38. Qe3 Rc5 39. Qd4 Re8 40. Nxd5 Rxe5 41.
Rxe5 Nb5 42. Bxb5 Bxb5 43. Re8+ Bxe8 44. Nf6+ Kf8 45. Qd6+ Kg7 46. Nxe8+ Qxe8
47. Qxb6 Rc2+ 0-1

[Event "Saint Louis Masters 2026"]
[Site "Saint Louis USA"]
[Date "2026.02.27"]
[Round "5.31"]
[White "Abrahamyan, Tatev"]
[Black "Kavutskiy, Kostya"]
[Result "1-0"]
[WhiteTitle "IM"]
[BlackTitle "IM"]
[WhiteElo "2378"]
[BlackElo "2330"]
[WhiteFideId "13301918"]
[BlackFideId "2026384"]
[EventDate "2026.02.25"]

1. e4 c5 2. Nf3 Nc6 3. Bb5 d6 4. O-O Bd7 5. Re1 a6 6. Bf1 Bg4 7. h3 Bxf3 8. Qxf3
g6 9. c3 Bg7 10. d3 Nf6 11. Nd2 Nd7 12. Qd1 b5 13. Nf3 Qb6 14. Be3 b4 15. d4 O-O
16. Qa4 Rfd8 17. Rac1 Qb7 18. dxc5 bxc3 19. cxd6 cxb2 20. Rxc6 b1=Q 21. Rxb1
Qxb1 22. dxe7 Re8 23. Rd6 Nf6 24. e5 Ne4 25. Rxa6 Rab8 26. Rb6 Nc3 27. Rxb1 Nxa4
28. Rxb8 Rxb8 29. Bb5 1-0

[Event "Saint Louis Masters 2026"]
[Site "Saint Louis USA"]
[Date "2026.02.27"]
[Round "5.32"]
[White "Sargsyan, Anna M."]
[Black "Chirilov, James A"]
[Result "1/2-1/2"]
[WhiteTitle "IM"]
[BlackTitle "FM"]
[WhiteElo "2372"]
[BlackElo "2264"]
[WhiteFideId "13308130"]
[BlackFideId "30976677"]
[EventDate "2026.02.25"]

1. d4 Nf6 2. Nf3 g6 3. Bf4 Bg7 4. e3 d6 5. Be2 O-O 6. h3 Nc6 7. c3 Nd7 8. Nbd2
e5 9. Bh2 f5 10. O-O Kh8 11. b4 e4 12. Ne1 Ne7 13. c4 g5 14. f3 exf3 15. Nexf3
Ng6 16. Nb3 Qe7 17. Qd3 g4 18. hxg4 fxg4 19. Nfd2 Nf6 20. Rae1 Bd7 21. c5 Rae8
22. Na5 Bb5 23. Qb3 Bxe2 24. Rxe2 Nh5 25. cxd6 cxd6 26. g3 Bxd4 27. Qd5 Bxe3+
28. Kg2 Nf6 29. Qd3 d5 30. Bg1 d4 31. Nac4 Nd5 32. Bxe3 Nxe3+ 33. Nxe3 dxe3 34.
Rxf8+ Qxf8 35. Qd4+ Kg8 36. Rxe3 Rxe3 37. Qxe3 Qxb4 38. Qe6+ Kg7 39. Ne4 Qb2+
40. Kh1 Qc1+ 41. Kh2 Qh6+ 42. Kg1 Qe3+ 43. Kh2 Qe2+ 44. Kg1 Qd1+ 45. Kh2 Qc2+
46. Kg1 Qb1+ 47. Kh2 Qb2+ 48. Kh1 h5 49. Nd6 Qc1+ 50. Kh2 Qd2+ 51. Kh1 Qd1+ 52.
Kh2 Qc2+ 53. Kh1 Qc1+ 54. Kh2 Qc2+ 55. Kh1 Qc6+ 56. Kh2 h4 57. gxh4 Qc2+ 58. Kg3
Qd3+ 59. Kxg4 Qd1+ 60. Kg3 Qg1+ 61. Kf3 Qf1+ 62. Kg3 Qg1+ 63. Kf3 Nxh4+ 64. Ke2
Qg2+ 65. Kd1 Qf1+ 1/2-1/2